| 000 | 02392nam a22003497a 4500 | ||
|---|---|---|---|
| 001 | 102540 | ||
| 003 | KnowledgeUnlatched | ||
| 005 | 20210303105149.0 | ||
| 006 | m o d | ||
| 007 | cr u|||||||||| | ||
| 008 | 210129p20122019nyu o u00| u eng d | ||
| 037 | _5BiblioBoard | ||
| 245 | 0 | 0 |
_aDocumenting Racism _bAfrican Americans in US Department of Agriculture Documentaries, 1921-42 / _cJ. Emmett Winn. |
| 020 | _a9781441172938 | ||
| 029 | 1 | _ahttps://library.biblioboard.com/ext/api/media/c68419ca-5a94-4c8e-a001-6969b3086722/assets/thumbnail.jpg | |
| 040 |
_aScCtBLL _cScCtBLL |
||
| 100 | 1 |
_aWinn, J. Emmett _eauthor. |
|
| 264 | 1 | _bBloomsbury Academic, | |
| 300 | _a1 online resource (170 p.) | ||
| 506 | 0 |
_aAccess copy available to the general public. _fUnrestricted _2star |
|
| 520 | _aFrom the silent era through the 1950s, the U.S. Department of Agriculture was the preeminent government filmmaking organization. In the United States, USDA films were shown in movie theaters, public and private schools at all educational levels, churches, libraries and even in open fields. For many Americans in the early 1900s, the USDA films were the first motion pictures they watched. And yet USDA documentaries have received little serious scholarly attention. The lack of serious study is especially concerning since the films chronicle over half a century of American farm life and agricultural work and, in so doing, also chronicle the social, cultural, and political changes in the United States at a crucial time in its development into a global superpower. Focusing specifically on four key films, Winn explicates the representation of African Americans in these films within the socio-political context of their times. | ||
| 588 | 0 | _aDescription based on print version record. | |
| 590 | _aKU Select 2018: HSS Backlist Books | ||
| 650 | 7 |
_aPerforming Arts / Film / History & Criticism _2bisacsh |
|
| 650 | 0 | _aPerforming arts | |
| 655 | 0 | _aElectronic books. | |
| 758 |
_iIs found in: _aKnowledge Unlatched _1https://openresearchlibrary.org/module/2774bc74-146a-484f-a7ba-ab1d6a09bbfb |
||
| 856 | 4 | 0 |
_uhttps://openresearchlibrary.org/content/c68419ca-5a94-4c8e-a001-6969b3086722 _zView this content on Open Research Library. _70 |
| 999 |
_c33805 _d33805 |
||